Same Word, Different Movies V Quiz Stats

 Plays Quiz Updated Jan 1, 2018

Challenge
Share
Tweet
Embed
Score 0/48 Timer 09:00
4 Plays Today
Word Movies % Correct
HardDie Hard
91.6%
WomanPretty Woman
86.4%
HunterThe Deer Hunter
81.5%
HotSome Like It Hot
80.9%
OneOne Flew Over the Cuckoo's Nest
79.3%
WorldWayne's World
77.2%
WomanScent of a Woman
71.7%
SummerI Know What You Did Last Summer
70.9%
Three¡Three Amigos!
68.4%
HotHot Fuzz
68.2%
WomanWonder Woman
67.1%
BrideThe Princess Bride
66.1%
ParkJurassic Park
65.9%
Summer(500) Days of Summer
64.2%
WorldThe World Is Not Enough
64%
BrideThe Bride of Frankenstein
63.7%
BrideCorpse Bride
62.4%
ParkSouth Park: Bigger, Longer & Uncut
61.9%
HotHot Shots!
54.3%
WorldWorld War Z
50%
RunThe Cannonball Run
49.8%
ParkGosford Park
49.1%
ThreeThree Kings
48.6%
DawnDawn of the Dead
46.4%
Word Movies % Correct
WomanThe Woman in Black
42.3%
HunterThe Bounty Hunter
41.7%
DawnFrom Dusk Till Dawn
38.9%
BrideBride Wars
38.5%
RunRun Lola Run
38.3%
HardWalk Hard: The Dewey Cox Story
37.4%
RunMidnight Run
32.6%
OneIt Happened One Night
31.8%
OneRogue One: A Star Wars Story
30.3%
HardHard Candy
30.2%
DawnDawn of the Planet of the Apes
25.9%
HunterThe Night of the Hunter
25.3%
HotHot Rod
23.8%
ThreeThree Days of the Condor
23.2%
SummerSummer Rental
18.8%
OneOne Day
18%
HardHard Target
17.3%
SummerSummer of Sam
15.2%
RunRun All Night
13.5%
DawnRescue Dawn
12.5%
WorldA Perfect World
11.4%
ParkWicker Park
10.7%
HunterAbraham Lincoln: Vampire Hunter
8.9%
ThreeThe Next Three Days
7.3%

You're not logged in!

Compare scores with friends on all Sporcle quizzes.
OR
Log In

You Might Also Like...

Show Comments

Extras

Top Quizzes Today


Score Distribution

Your Account Isn't Verified!

In order to create a playlist on Sporcle, you need to verify the email address you used during registration. Go to your Sporcle Settings to finish the process.

Report this User

Report this user for behavior that violates our Community Guidelines.

Details: